000 00433nam a2200133 a 4500
008 120416s0000 ||||||||||||||||| || u
020 _a0356125831
050 _aPS 3552.I7555
100 _aBirmingham, Stephen
245 1 0 _aBarbara Greer
260 _aLondon
_bMacDonald
_c1987
350 _a0.00
995 _D0.00
_FCBU-MAIN LIBRARY (Kitwe)
_H1
_I8.00
_M1
_UAVAILABLE
_ZFiction Collection
999 _c35468
_d35468